Kid Krow - Conan Gray - Statistics

General Stats
  • This quiz has been taken 25 times
  • The average score is 10 of 12
Answer Stats
Kid Krow % Correct
The Story
100%
Heather
89%
Maniac
89%
Affluenza
84%
(Can We Be Friends)
84%
The Cut That Always Bleeds
84%
Fight or Flight
79%
Little League
79%
(Online Love)
79%
Wish You Were Sober
79%
Comfort Crowd
74%
Checkmate
68%
No matching quizzes found
Score Distribution
Percent of People with Each Score
Percentile by Number Answered
Your Score History
You have not taken this quiz